| 000 | 01195pam a2200361 a 4500 | ||
|---|---|---|---|
| 001 | 2055 | ||
| 003 | FISKH | ||
| 005 | 20240221105325.0 | ||
| 008 | 890509s1990 nyua j 000 0 eng | ||
| 010 | _a 89010185 | ||
| 020 | _a0590414283 (lib. bdg.) : | ||
| 020 | _a9780590414296 | ||
| 040 |
_aDLC _cDLC _dDLC _beng |
||
| 042 | _alcac | ||
| 050 | 0 | 0 |
_aQB500.22 _b.C64 1990 |
| 082 | 0 | 0 |
_a523.3 _220 |
| 100 | 1 | _aCole, Joanna. | |
| 245 | 1 | 4 |
_aThe magic school bus, lost in the solar system / _cby Joanna Cole ; illustrated by Bruce Degen. |
| 260 |
_aNew York : _bScholastic, _c1990. |
||
| 300 |
_a40 pages : _bcolor illustrations ; _c22 x 26 cm |
||
| 505 | _aN | ||
| 520 | _aOn a special field trip in the magic school bus, Ms. Frizzle's class goes into outer space and visits each planet in the solar system. | ||
| 521 | 8 |
_a570
_bLexile |
|
| 521 | 8 |
_aN
_bRaz-Plus |
|
| 650 | 0 |
_aAstronomy _xJuvenile literature. |
|
| 650 | 1 | _aPlanets. | |
| 650 | 1 | _aAstronomy. | |
| 651 | 0 |
_aOuter space _xExploration _xJuvenile literature. |
|
| 651 | 1 | _aSolar system. | |
| 700 | 1 |
_aDegen, Bruce, _eillustrator |
|
| 906 |
_a7 _bcbc _corignew _d1 _eocip _f19 _gy-gencatlg |
||
| 942 |
_2ddc _cBK _n0 |
||
| 999 |
_c2055 _d2055 |
||